Quizzes
Events
Quiz Creation
Community
Videos
Private Events
Remove Ads
Sign In
Join for FREE
Feedback
Dark Mode
Quiz Categories
Sports
Geography
Music
Movies
Television
Just For Fun
Miscellaneous
History
Literature
Language
Science
Gaming
Entertainment
Religion
Holiday
For Kids
Quiz Lab
Recent
Popular Today
Quiz Kudos Today
Editor Picks
Curator Picks
Quizzes by...
Day
Popularity
Type
Ratings
Length
Year
Community
Subscriptions
Recent Discussions
Orange Saloon
Badges
Playlists
Quests
Create
Leaderboards
Showdown
Live 5
Trivia Bingo
Activity
Puzzle Library
Sporcle Events
Private Events
Virtual Trivia
Globe League
Become a Host
Pub Owners
SporcleCon
Opinionation
Our Games
Videos
Blog
Mobile Apps
Partnerships
Remove Ads and Go Orange
Feedback
Geography
Country
Landmarks
City
State
Population
World
Capital
Continent
Flags
Europe
Africa
Asia
South America
North America
Oceania
Border
Canada
United Kingdom
Topography
United States
Geography
Country
Landmarks
City
State
Population
World
Capital
Continent
Flags
Europe
Africa
Asia
South America
North America
Oceania
Border
Canada
United Kingdom
Topography
United States
Random Quiz
Search Sporcle
×
Quiz Lab
Quiz Lab
Geography
England
Type in answers that appear in a list
Type in answers that appear in a list
Classic
Best Score? Go Orange.
Region Quiz:New England Stats
Can you name the the facts about New England?
By
SporcleEXP
6m
41 Questions
796 Plays
796 Plays
796 Plays
Comments
Comments
Give Quiz Kudos
Give Quiz Kudos
-
- Ratings
hide this ad
Replay
Link that replays current quiz
Next Quiz
Link to next quiz in quiz playlist
You Got
0%
They Got
Avg Score
69%
Avg Friend Score
Upgrade to see
Score Distribution
Jump to the score distribution portion of the page
Score
0/41
Timer
06:00
0
Plays Today
Question
Answer
% Correct
State
New Hampshire
98.4%
State
Maine
98.1%
State
Vermont
98.1%
Bordering Gulf
Gulf of Maine
98.1%
State
Massachusetts
98%
State
Rhode Island
97.7%
Most Populous City
Boston
97.7%
State
Connecticut
97.4%
Longest River (407 miles)
Connecticut River
97.4%
Bordering Ocean
Atlantic Ocean
92%
Ivy League University
Harvard
90.3%
Ivy League University
Yale
87.9%
Bordering State
New York
87.3%
NFL Team
New England Patriots
85.6%
MLB Team
Boston Red Sox
85.3%
NBA Team
Boston Celtics
83.3%
Third Most Populous City
Providence
82.9%
Ivy League University
Brown
80.9%
NHL Team
Boston Bruins
79.8%
Bordering Province
Quebec
77.1%
Ivy League University
Dartmouth
72.7%
Question
Answer
% Correct
Number of Native Presidents
8
71.5%
Second Most Populous City
Worcester
68.3%
Approximate Population (In Millions)
14 Million
65.6%
Number of Years Vermont was an Independent Nation
14
65.5%
Most Common Ancestry
Irish
61.3%
Major League Soccer Team
New England Revolution
58.4%
Highest Point (6,288 ft.)
Mount Washington
56.7%
Major Mountain Range
Appalachian Mountains
54.5%
Demonym
New Englander
53.9%
Bordering Sound
Long Island Sound
53.3%
Number of Congressional Districts
22
49.5%
Bordering Province
New Brunswick
49.4%
National Park
Acadia National Park
44%
Independent Senator from Connecticut
Joseph Lieberman
40.8%
Independent Senator from Vermont
Bernie Sanders
36.1%
Federal Military Academy
Coast Guard Academy
33.4%
Largest Lake
Lake Champlain
28.5%
Year New England Considered Secession from the United States
1814
21.9%
Largest County
Aroostook County
16.2%
Largest Island
Mount Desert Island
11.8%
Quiz Playlist
Details
Report
Send in Message
Add To Playlist
Classic:
Type in answers that appear in a list
Last Updated: Feb 16, 2017
Quiz Scoreboard
CHALLENGE
Sign Up to Join the Scoreboard
Show All
Scores
Hide
Comments
May contain spoilers
Recently Published
One Thing in Common: World Cities II
by knightlancer
Geography
7m
Popular People in 1961
by mucciniale
History
6m
1-10 Letter E Words III
by El_Dandy
Language
2m
More to Explore
Quiz From the Vault
Featured Blog Post
Where Did the Easter Bunny Come From?
hide this ad
You Might Also Like...
Tags
England
New England
Today's Top Quizzes in Geography
Browse Geography
hide this ad
Today's Top Quizzes in England
Browse England
Top Contributed Quizzes in Geography
1
Countries of the World - No Outlines Minefield
2
Top 25 Cities of France on a map
3
African Flag Reveal XLV
4
Closest Countries to UK A-Z
5
Blind Secret Country CLXXXVIII
6
Find the US States - No Outlines
7
One Thing in Common: Asia
8
One Thing in Common: United Kingdom
9
One Thing in Common: Geography
10
One Thing in Common: Around the World
Explore More
Trending Topics
Kpop
Marvel
Crossword
NBA
Disney
Harry Potter
Anime
WWE
The Office
Country
Puzzle
NFL
Pokémon
Song
Soccer
hide this ad
More By:
SporcleEXP
Quiz
Plays
Rating
Category
Featured
Created
Harry Potter Deaths in Order Minefield
3,067,929
4.18
Literature
Jan 27, 2016
Sins, Dwarfs, and Spice Girls
847,242
4.42
Just For Fun
Apr 11, 2012
Ancient History Bunker
707,998
4.28
History
Jan 20, 2014
Movie Posters VI
678,961
4.37
Movies
Nov 12, 2010
Movie Posters VII
621,787
4.44
Movies
Apr 16, 2011
Go to Creator's Profile
Score Distribution
Quiz Creator Spotlight
SporcleEXP
Follow
Send a Message
Quizzes Created
-
Created Quiz Play Count
-
More By This Creator
Popular Quizzes Today
1
Find the US States - No Outlines Minefield
2
The Countries of the World
3
Popular People in 1961
4
Find the Countries of Europe - No Outlines Minefield
5
1-10 Letter E Words III
6
Find the US States
7
One Thing in Common: World Cities II
8
US States
More Geography Quizzes
Hide the US State Flags by Capital
Quiz Lab
Trending Quizzes
1-10 Letter F Words
1-10 Letter G Words
Risky Map Clicking: Next State Alphabetically
1-10 Letter F Words II
Risky Map Clicking: States by Unique Starting Letters
Recently Updated
Leaping Animals
pecheneg
Reality TV Shows (A-Z)
bhenderson79
Rickey Henderson's Hall of Fame Teammates
pecheneg
Champions League XIs: Arsenal
pecheneg
Quick Pick: Celebrities in WWE's Hall of Fame
aduchscher
A-Z Keypad Blitz II
pecheneg
Multiple Oscar Actors
pecheneg
Mystery Phrase Blitz: Oscar 'Best Actors'
pecheneg
F. Scott Fitzgerald Novels
LTH
Pick 3 Villains
ddd62291
Trending Topics
Disney
Kpop
Marvel
Harry Potter
Anime
Crossword
NBA
Soccer
NFL
The Office
Song
Country
Puzzle
Pokémon
WWE
Your Account Isn't Verified!
In order to create a playlist on Sporcle, you need to verify the email address you used during registration. Go to your
Sporcle Settings
to finish the process.
Report this User
Report this user for behavior that violates our
Community Guidelines
.
Details:
Send Report
Go to the Sporcle.com Mobile Site →
Comments